00562pab a2200181 454500008004000000100002300040245007800063260000900141300001400150362001100164650002300175650002100198773002000219908000600239909001100245999001900256952010500275180718b2014 xxu||||| |||| 00| 0 eng d aShastree, Nalin K. aRhythms of changing higher education policies: Widening new opportunities c2014 ap.93-101. a17 Feb aEducational reform aHigher education aUniversity News aN a103067 c103064d103064 00104070aIIPAbIIPAd2018-07-19hVolume no: 52, Issue no: 7pAR103527r2018-07-19w2018-07-19yAR